| 000 | 01048cam a22003017a 4500 | ||
|---|---|---|---|
| 003 | CHAP | ||
| 005 | 20220329140633.0 | ||
| 008 | 971013d1982 mex r 00010 spa d | ||
| 010 | _a55154 | ||
| 011 | _a56126 | ||
| 035 | _a60279 | ||
| 040 | _cCHAP | ||
| 090 | _aFolleto 7829 | ||
| 100 | 0 | 0 |
_aSilva Messina, J. Jorge. _9106020 |
| 245 | 0 | _aManual para la elaboración de proyectos de desarrollo experimental en mecanización | |
| 260 |
_aMéxico, D. F. : _bDirección General de Distritos y Unidades de Temporal, _c1982 |
||
| 300 | _a24 p. | ||
| 590 |
_aBATCH-UPD _b10 _c20130110 _lUCH01 _h2005 |
||
| 590 |
_aBATCH-UPD _b10 _c20130410 _lUCH01 _h1324 |
||
| 590 |
_aBATCH-UPD _b10 _c20130914 _lUCH01 _h1806 |
||
| 590 |
_aCONVERSION _b10 _c20130109 _lUCH01 _h1330 |
||
| 650 | 1 | 4 |
_aMecanización agrícola. _973801 |
| 901 | _aBK | ||
| 942 | _cFOLL | ||
| 949 |
_aFolleto 7829 _bBC _cFOLL _d-129977 _eTS1 _i60279 _si |
||
| 949 |
_aFolleto 7829 _bBC _cFOLL _d-129978 _eTS2 _fc.2 _i60279 _si |
||
| 949 |
_aFolleto 7829 _bBC _cFOLL _d602793 _eTS2 _fc.3 _i60279 _kDonaciØn _sb |
||
| 999 |
_c55154 _d55154 |
||